| 000 | 00622nam a2200193 4500 | ||
|---|---|---|---|
| 008 | 021210s1974 us 0 eng | ||
| 020 | _a0840130805 | ||
| 090 | 0 |
_aBS1192.5 _bSp8t |
|
| 100 | 1 | _aSpriggs, David G. | |
| 245 | 1 | 0 |
_aTwo Old Testament theologies / _cDavid G. Spriggs. |
| 260 |
_aIllinois : _bAlec R. Allison, _cc1974. |
||
| 300 | _a127 p. | ||
| 490 | 1 | _aStudies in biblical theology | |
| 504 | _aBiblio: pp. IX-X | ||
| 600 | 1 | 4 | _aEichrodt, Walther, 1890-. |
| 600 | 1 | 4 | _aRad, Gerhard von, 1901-1971. |
| 650 | 4 |
_aBible. O.T Theology _xHistory. |
|
| 951 |
_p8973 _oBS1192.5/Sp8t _j070613111204109 _d2000-12-21 _cGC |
||
| 999 |
_c13829 _d13829 |
||